00555nam a2200217Ia 4500001001400000003000900014005001700023008004100040020001500081040002300096050001600119100001800135245004100153260004100194300001500235650002400250650001000274700002800284887001600312888000900328AUWbook002399BDCtgAUW20260406155203.0220908s9999 xx 000 0 eng d a0460010069 aBDCtgAUWcBDCtgAUW aPR603.H52U61 aThomas Dylan. 0aUnder milk wood :bplay for voices / aLondon :bEveryman's Library,c1975. a82 pages. 0aEnglish literature. 0aPlay.1 aJones, Daniel, Preface. a BRAC22982 22982